Normal view
MARC view
Entry Personal Name
001 - CONTROL NUMBER
- control field: 240436
003 - CONTROL NUMBER IDENTIFIER
- control field: OSt
005 - DATE AND TIME OF LATEST TRANSACTION
- control field: 20250925114857.0
008 - FIXED-LENGTH DATA ELEMENTS
- fixed length control field: 250925|| aca||aabn | a|a d
040 ## - CATALOGING SOURCE
- Original cataloging agency: OSt
- Transcribing agency: OSt
100 ## - HEADING--PERSONAL NAME
- Personal name: Sanjaya S Gaur
670 ## - SOURCE DATA FOUND
- Source citation: Work cat.: (OSt)147645: Ajai S Gaur 240420, Stastistical methods for practice and research, 2009